000 00763nam a2200229 i 4500
001 20799
003 ES-MaACL
005 20250811100319.0
007 t|
008 021118s1977 sp ||||1| spa d
080 _a616.89-053.2
100 1 _aAjuriaguerra, J. de.
_919030
245 1 0 _aManual de psiquiatría infantil /
_cpor J. de Ajuriaguerra ; prefacio, versión... y notas... Alfredo Rego ; revisión y adaptación... Aurelio López-Zea.
250 _a4ª ed.
260 _aBarcelona :
_bToray,
_c[1977]
300 _aXXIV, 984 p. :
_bil. ;
_c25 cm.
650 0 7 _aPsiquiatría infantil
_2embne
_916595
700 1 _aRego, Alfredo.
_995910
700 1 _aLópez-Zea, Aurelio.
_974047
852 _aES-MaACL
_jC-8098
_bR.100160
999 _c20799
_d20799